000 00617nam a22002297a 4500
001 34772
003 UA-OsUOA
005 20211019201204.0
007 ta
008 20051020b un ||||| |||| 00| 0 ukr d
040 _aUA-OsUOA
_brus
_cUA-OsUOA
_dUA-OsUOA
041 _arus
080 _a94(47+57)
090 _a94(47+57)
_bМ26
100 _aМапркова О. П.
245 _aРоссия, Закавказье и международные отношения в 18 веке
260 _aМ.
_bНаука
_c1966
300 _a324 с.
650 7 _a94 Історія
_2UDC
942 _cBK
_2udc
955 _a2
999 _c321207
_d321207